Journal of the Indian Association of Public Health Dentistry (JIAPHD) (Record no. 30239)
[ view plain ]
| 000 -LEADER | |
|---|---|
| fixed length control field | 00241nam a22000977a 4500 |
| 003 - CONTROL NUMBER IDENTIFIER | |
| control field | SGT |
| 245 ## - TITLE STATEMENT | |
| Title | Journal of the Indian Association of Public Health Dentistry (JIAPHD) |
| 260 ## - PUBLICATION, DISTRIBUTION, ETC. (IMPRINT) | |
| Year of Publication | 2011,2013-2014 |
| 300 ## - PAGE DESCRIPTION | |
| No. of Pages | 1184,720,104 |
| 942 ## - ADDED ENTRY ELEMENTS (KOHA) | |
| Source of classification or shelving scheme | Dewey Decimal Classification |
| Koha item type | Back Volumes |
| Withdrawn status | Lost status | Source of classification or shelving scheme | Damaged status | Use restrictions | Not for loan | Home library | Current library | Date acquired | Volume Information (Serial or Books or Non-Book Material) | SGTU | Accession No. (Barcode) | Date last seen | Bill Date | Koha item type |
|---|---|---|---|---|---|---|---|---|---|---|---|---|---|---|
| Dewey Decimal Classification | Restricted Access | Not For Loan | SGT Dental Library | SGT Dental Library | 07/03/2025 | Vol.18 | SGTU | PD1179 | 07/03/2025 | 07/03/2025 | Back Volumes | |||
| Dewey Decimal Classification | Restricted Access | Not For Loan | SGT Dental Library | SGT Dental Library | 07/03/2025 | Vol.17 | SGTU | PD1180 | 07/03/2025 | 07/03/2025 | Back Volumes | |||
| Dewey Decimal Classification | Restricted Access | Not For Loan | SGT Dental Library | SGT Dental Library | 07/03/2025 | Vol.11 | SGTU | PD1181 | 07/03/2025 | 07/03/2025 | Back Volumes |